<?xml version="1.0" encoding="UTF-8"?>
<marc:record xmlns:marc="http://www.loc.gov/MARC21/slim">
   <marc:leader>00000nam a2200000 a 4500</marc:leader>
   <marc:datafield ind1="0" ind2="0" tag="245">
      <marc:subfield code="a">Amiguitos - Spanisch für Kinder</marc:subfield>
   </marc:datafield>
   <marc:datafield ind1="0" ind2="0" tag="245">
      <marc:subfield code="c">Hrsg.: Juliane Buschhorn-Walter und Claudia von Holten. Ill.: Tania Schvindt</marc:subfield>
   </marc:datafield>
   <marc:datafield ind1=" " ind2="1" tag="264">
      <marc:subfield code="a">Hamburg</marc:subfield>
      <marc:subfield code="b">Buschhorn-Walter, von Holten</marc:subfield>
      <marc:subfield code="c">2008</marc:subfield>
   </marc:datafield>
   <marc:datafield ind1=" " ind2=" " tag="250">
      <marc:subfield code="a">1. Aufl.</marc:subfield>
   </marc:datafield>
   <marc:datafield ind1="1" ind2=" " tag="520">
      <marc:subfield code="a">Angaben aus der Verlagsmeldung

El tesoro de cuentas /Der Märchenschatz : Cuentos y fábulas de España y Latinoamérica /Geschichten und Fabeln aus Spanien und Lateinamerika

Was hat Platero, ein Esel, in Andalusien erlebt? Wie erfährt der Schmetterling Manchitas, was wahre Freundschaft ist? Und wie kam es, dass "el Cid", der verbannte Ritter und Held, vor etwa 800 Jahren für seinen König das Land rettete? Wie erklären uns die patagonischen Indianer den Jahreslauf?
Das zweisprachige Bilderbuch vereint zehn Märchen und Fabeln aus dem reichen Sagen- und Märchenschatz des hispano-amerikanischen Kulturraums. Neben
spanischen Heldenepen umfasst die Sammlung fantasievolle Geschichten und faszinierende, lateinamerikanische Mythen. Die Herausgeberinnen von der Sprachenschule Amiguitos haben die Geschichten zeitgemäß bearbeitet und bieten neben den beiden Sprachversionen erläuternde Hintergrundinformationen.
</marc:subfield>
   </marc:datafield>
   <marc:datafield ind1=" " ind2=" " tag="020">
      <marc:subfield code="a">9783940665058</marc:subfield>
      <marc:subfield code="9">9783940665058</marc:subfield>
   </marc:datafield>
   <marc:datafield ind1=" " ind2=" " tag="041">
      <marc:subfield code="a">spa</marc:subfield>
   </marc:datafield>
   <marc:datafield ind1=" " ind2=" " tag="300">
      <marc:subfield code="a">107 S.</marc:subfield>
   </marc:datafield>
</marc:record>
